LEADER 01289nam a2200313 i 4500 001 000000119548 003 CaOOAMICUS 005 20031029000000.0 008 031029s1999 it u000 u ita u 013 $a92242 020 $a88-04-46326-0 040 $aSeMil$bita 100 1 $aBenzi, Oreste,$d<1925-2007>.$0(OLS)http://semarc/name/44597 245 10$aScatechismo /$cDon Oreste Benzi ; a cura di Ambrogio Amati ; introduzione di Mons. Italo Castellani. 260 $aMilano :$bMondadori,$ccopyr. 1999. 300 $a188 p. ;$c22 cm. 490 0 $aLeonardo saggistica 500 $aContiene : Appendice. - Fondo Card. C.M. Martini. 650 4$aCatechesi [per] adolescenti.$0(OLS)http://semarc/subject/3454 700 1 $aCastellani, Italo.$0(OLS)http://semarc/name/43593 700 1 $aAmati, Ambrogio.$0(OLS)http://semarc/name/33946 830 0$aLeonardo saggistica.$0(OLS)http://semarc/title/5974 850 $aSeMil 852 $aSeMil$W1$xVenegono$y1$m3J IV 161$j74755$B74755$CSeMilBibl$Z2$F104736 $81 941 1 $a4 961 $aOmaggio: Martini Card. Carlo Maria 996 $6020$a88-04-46326-0$9(OLS)http://semarc/number/104453 996 $6245$aScatechismo$9(OLS)http://semarc/title/175714 996 $6260$aMilano :$bMondadori$9(OLS)http://semarc/publisher/30335 LEADER 01320nam a2200253 i 4500 001 000000208906 003 CaOOAMICUS 005 20220526144421.0 008 111130s1811 it u000 u ita u 013 $a187694 026 $aO,a, e!O. o.O. CrD' (3) 1811 (A) 040 $aSeMil$bita 100 1 $aShakespeare, William,$d<1564-1616>.$0(OLS)http://semarc/name/1186 240 14$aThe tragedy of Julius Caesar.$0(OLS)http://semarc/title/440099 245 10$aGiulio Cesare tragedia di Guglielmo Shakespeare tradotta dall'originale inglese in versi italiani da Michele Leoni di Parma. 264 1$aMilano :$bDalla stamperia e fonderia di G.G. Destefanis, a san Zeno n. 534,$c1811. 300 $a191, [1] p. ;$c8°. 650 4$aShakespeare, William <1564-1616> - Opere.$0(OLS)http://semarc/subject/3624 700 1 $aLeoni, Michele,$d<1776-1858>.$0(OLS)http://semarc/name/12175 850 $aSeMil 852 $aSeMil$W1$xVenegono$y1$m1V V 45 FA$j159360$B159360$CSeMilBibl$Z2$F170449 $8I 996 $6245$aGiulio Cesare tragedia di Guglielmo Shakespeare tradotta dall'originale inglese in versi italiani da Michele Leoni di Parma$9(OLS)http://semarc/title/302010 996 $6264$aMilano :$bDalla stamperia e fonderia di G.G. Destefanis, a san Zeno n. 534$9(OLS)http://semarc/publisher/52332